Historia de la estructura y del pensamiento social : i. hasta finales del siglo xviii /
Guardado en:
| Autor Principal: | |
|---|---|
| Formato: | Libro |
| Publicado: |
Madrid :
Instituto De Estudios Politicos,
1976
|
| Series: | Coleccion Biblioteca De Cuesti
|
| Materias: | |
| Etiquetas: |
Agregar Etiqueta
Sin Etiquetas, Sea el primero en etiquetar este registro!
|
| LEADER | 00653nam a22001935a 4500 | ||
|---|---|---|---|
| 001 | EHU.bham024641 | ||
| 003 | AR-BHAM | ||
| 005 | 20130507153428.0 | ||
| 008 | 130507s1976##################000#0#####d | ||
| 082 | 3 | 0 | |a 301.07 |
| 100 | 1 | |a Gomez Arboreya, Enrique | |
| 245 | 1 | 0 | |a Historia de la estructura y del pensamiento social : |b i. hasta finales del siglo xviii / |c Enrique Gomez Arboreya |
| 260 | |a Madrid : |b Instituto De Estudios Politicos, |c 1976 | ||
| 300 | |a 589 p. | ||
| 490 | 0 | |a Coleccion Biblioteca De Cuesti | |
| 653 | |a Pensamiento | ||
| 653 | |a Sociologia | ||
| 653 | |a Sociologia-historia | ||
| 859 | |a AR-BHAM |b BIB. HUMANIDADES - General |h 301.07 |i G586 |p 406.02 |t Ej.1 | ||
